Normal view
MARC view
- McBride, Murray B.
Entry Personal Name
001 - CONTROL NUMBER
- control field: 7018
003 - CONTROL NUMBER IDENTIFIER
- control field: NUST
005 - DATE AND TIME OF LATEST TRANSACTION
- control field: 20171206123002.0
008 - FIXED-LENGTH DATA ELEMENTS
- fixed length control field: 171206|| aca||aabn | a|a d
040 ## - CATALOGING SOURCE
- Original cataloging agency: NUST
- Transcribing agency: NUST
100 ## - HEADING--PERSONAL NAME
- Personal name: McBride, Murray B.
670 ## - SOURCE DATA FOUND
- Source citation: Work cat.: (NUST)0: McBride, Murray B., Environmental chemistry of soils /, 1994.
